[Event "40th IND-ch (w)"]
[Site "Kolkata IND"]
[Date "2013.08.30"]
[Round "5"]
[White "Soumya, Swaminathan"]
[Black "Swathi, Ghate"]
[Result "1/2-1/2"]
[WhiteElo "2318"]
[BlackElo "2226"]
[EventDate "2013.08.26"]
[Board "1"]
[PlyCount "106"]
[EventRounds "11"]
[EventCountry "IND"]

1.e4 e5 2.Nf3 Nc6 3.Bb5 a6 4.Ba4 Nf6 5.O-O b5 6.Bb3 Bc5 7.c3 d6 8.d4 Bb6 
9.a4 Rb8 10.a5 Ba7 11.h3 h6 12.Be3 O-O 13.dxe5 Bxe3 14.exf6 Bc5 15.fxg7 
Kxg7 16.Nbd2 Kh8 17.Kh1 Qf6 18.Qe2 Rg8 19.Rg1 Bd7 20.Bc2 Rbe8 21.Nb3 Ba7 
22.Rad1 Bc8 23.Rd5 Ne5 24.Nxe5 dxe5 25.Rd3 Qh4 26.Rf1 Rg6 27.Bd1 Be6 28.
Nd2 Reg8 29.Rg3 Rxg3 30.fxg3 Qxg3 31.Bb3 Bg4 32.Qe1 Qxe1 33.Rxe1 Bh5 34.g4
Bg6 35.Nf3 Bf2 36.Re2 Bg3 37.Bd5 Rd8 38.Kg2 Bf4 39.Nh4 Rd6 40.c4 c6 41.c5 
Rf6 42.Ba2 Kg7 43.Nf5+ Kf8 44.Kf3 h5 45.Rg2 hxg4+ 46.hxg4 Bxf5 47.exf5 Rh6
48.g5 Rh4 49.g6 fxg6 50.Rxg6 Rh3+ 51.Kg2 Rh2+ 52.Kf3 Rh3+ 53.Kg2 Rh2+ 
1/2-1/2

[Event "40th IND-ch (w)"]
[Site "Kolkata IND"]
[Date "2013.08.30"]
[Round "5"]
[White "Tania, Sachdev"]
[Black "Michelle, Catherina"]
[Result "1-0"]
[WhiteElo "2430"]
[BlackElo "2152"]
[EventDate "2013.08.26"]
[Board "2"]
[PlyCount "83"]
[EventRounds "11"]
[EventCountry "IND"]

1.d4 Nf6 2.c4 e6 3.Nf3 d5 4.Nc3 Bb4 5.Qa4+ Nc6 6.Bd2 O-O 7.e3 Re8 8.Rd1 h6
9.Be2 dxc4 10.Bxc4 a6 11.O-O Bd7 12.Qc2 Bd6 13.h3 Qe7 14.a3 e5 15.d5 Na7 
16.e4 c6 17.Be3 Nb5 18.dxc6 Bxc6 19.Nd5 Nxd5 20.Bxd5 Rac8 21.Qb3 Bxd5 22.
Rxd5 Nc7 23.Rd2 Bc5 24.Bxc5 Qxc5 25.Rd7 Re7 26.Rxe7 Qxe7 27.Qxb7 Re8 28.
Rc1 Ne6 29.Qxa6 Nf4 30.Rc8 Kh7 31.Qc6 Rd8 32.Rxd8 Qxd8 33.Qc2 Qf6 34.Qc8 
g6 35.b4 h5 36.h4 Ne2+ 37.Kf1 Nd4 38.Nxd4 exd4 39.Qc4 Kg8 40.g3 Qd6 41.Ke2
Qf6 42.a4 1-0

[Event "40th IND-ch (w)"]
[Site "Kolkata IND"]
[Date "2013.08.30"]
[Round "5"]
[White "Monnisha, Gajendra Babu Kannaiyan"]
[Black "Furtado, Ivana Maria"]
[Result "1/2-1/2"]
[WhiteElo "2056"]
[BlackElo "2116"]
[EventDate "2013.08.26"]
[Board "3"]
[PlyCount "50"]
[EventRounds "11"]
[EventCountry "IND"]

1.e4 c6 2.d4 d5 3.exd5 cxd5 4.c4 Nf6 5.Nc3 g6 6.Qb3 Bg7 7.cxd5 O-O 8.Be2 
Nbd7 9.Bf3 Nb6 10.Nge2 Bg4 11.Bxg4 Nxg4 12.a4 a5 13.O-O Nf6 14.Nf4 Qd6 15.
Be3 Rfd8 16.Nb5 Qb4 17.Qxb4 axb4 18.d6 e6 19.Nd3 Ne4 20.b3 Nxd6 21.Nxd6 
Rxd6 22.Nxb4 Bxd4 23.Rac1 Rad8 24.Rc7 R8d7 25.Rxd7 Rxd7 1/2-1/2

[Event "40th IND-ch (w)"]
[Site "Kolkata IND"]
[Date "2013.08.30"]
[Round "5"]
[White "Kulkarni, Bhakti"]
[Black "Gomes, Mary Ann"]
[Result "1/2-1/2"]
[WhiteElo "2302"]
[BlackElo "2418"]
[EventDate "2013.08.26"]
[Board "4"]
[PlyCount "59"]
[EventRounds "11"]
[EventCountry "IND"]

1.d4 g6 2.Nf3 Bg7 3.c4 d6 4.Nc3 Nd7 5.e4 e5 6.d5 Ne7 7.Bd3 O-O 8.h4 Nc5 9.
Bc2 Bg4 10.Qd2 f5 11.b4 Nxe4 12.Nxe4 fxe4 13.Bxe4 Bxf3 14.gxf3 Nf5 15.h5 
Nh4 16.hxg6 hxg6 17.Rh3 Ng2+ 18.Kd1 Nf4 19.Rg3 Qf6 20.Qc3 g5 21.Be3 Rac8 
22.Rc1 c6 23.Bxf4 exf4 24.Qxf6 Bxf6 25.Rg2 cxd5 26.Bxd5+ Kg7 27.Rh2 Rh8 
28.Rxh8 Rxh8 29.Ke2 b6 30.c5 1/2-1/2

[Event "40th IND-ch (w)"]
[Site "Kolkata IND"]
[Date "2013.08.30"]
[Round "5"]
[White "Mohanty, Kiran Monisha"]
[Black "Mohota, Nisha"]
[Result "0-1"]
[WhiteElo "2272"]
[BlackElo "2293"]
[EventDate "2013.08.26"]
[Board "5"]
[PlyCount "90"]
[EventRounds "11"]
[EventCountry "IND"]

1.e4 e5 2.Nf3 Nc6 3.Bb5 a6 4.Ba4 Nf6 5.O-O Be7 6.Re1 b5 7.Bb3 d6 8.c3 O-O 
9.h3 Nb8 10.d4 Nbd7 11.Nbd2 Bb7 12.Bc2 Re8 13.Nf1 Bf8 14.Ng3 g6 15.b3 a5 
16.d5 c6 17.c4 bxc4 18.bxc4 Nc5 19.Be3 Nfd7 20.Qd2 Qc7 21.Rac1 Ba6 22.Bb1 
Rab8 23.Red1 Rb4 24.Bh6 Reb8 25.Bxf8 Nxf8 26.dxc6 Qxc6 27.Bc2 Rxc4 28.Qh6 
Qc7 29.Bb3 Nxb3 30.axb3 Rxb3 31.Rxc4 Bxc4 32.Nd2 Rb4 33.Rc1 Qc8 34.Ngf1 
Qa6 35.Ne3 Be6 36.Nf3 Rxe4 37.Ng5 Rd4 38.Rc7 a4 39.Re7 Qc8 40.Ng4 Rxg4 41.
hxg4 Bd5 42.Nf3 a3 43.Qe3 a2 44.Ra7 Qxg4 45.Ra5 Ne6 0-1

[Event "40th IND-ch (w)"]
[Site "Kolkata IND"]
[Date "2013.08.30"]
[Round "5"]
[White "Pratyusha, Bodda"]
[Black "Padmini, Rout"]
[Result "0-1"]
[WhiteElo "2159"]
[BlackElo "2332"]
[EventDate "2013.08.26"]
[Board "6"]
[PlyCount "98"]
[EventRounds "11"]
[EventCountry "IND"]

1.Nc3 c5 2.Nf3 Nc6 3.d4 cxd4 4.Nxd4 Nf6 5.e4 e5 6.Ndb5 d6 7.Bg5 a6 8.Na3 
b5 9.Nd5 Be7 10.Bxf6 Bxf6 11.c4 b4 12.Nc2 O-O 13.g3 Bg5 14.Bg2 a5 15.O-O 
Be6 16.b3 Ra7 17.Qd3 Rd7 18.Rad1 Qb8 19.Nde3 Bd8 20.f4 f6 21.Nd5 Bb6+ 22.
Kh1 Bc5 23.f5 Bf7 24.g4 a4 25.g5 axb3 26.axb3 fxg5 27.f6 Be6 28.Qg3 h6 29.
Bh3 Bxh3 30.Qxh3 Rdf7 31.Rf5 Qc8 32.Qh5 Kh7 33.Rd3 Qe6 34.Rh3 Rxf6 35.
Nxf6+ Rxf6 36.Rxf6 Qxf6 37.Rf3 Qg6 38.Qxg6+ Kxg6 39.Kg2 g4 40.Rf8 Kg5 41.
Rc8 Na5 42.Na1 Kf4 43.Rg8 Kxe4 44.Rxg7 Kd3 45.Rxg4 e4 46.Kf1 Bd4 47.Nc2 
Kxc2 48.Rxe4 Nxb3 49.Rh4 Bc5 0-1

[Event "40th IND-ch (w)"]
[Site "Kolkata IND"]
[Date "2013.08.31"]
[Round "6"]
[White "Swathi, Ghate"]
[Black "Padmini, Rout"]
[Result "1-0"]
[WhiteElo "2226"]
[BlackElo "2332"]
[EventDate "2013.08.26"]
[Board "1"]
[PlyCount "119"]
[EventRounds "11"]
[EventCountry "IND"]

1.e4 c5 2.Nf3 d6 3.d4 cxd4 4.Nxd4 Nf6 5.Nc3 a6 6.g3 e5 7.Nb3 Be7 8.Bg2 O-O
9.O-O b5 10.a4 Bb7 11.axb5 axb5 12.Rxa8 Bxa8 13.Re1 b4 14.Nd5 Nxd5 15.exd5
Nd7 16.Qd3 f5 17.Qb5 Qc7 18.Nd4 Rb8 19.Qe2 g6 20.Nc6 Bxc6 21.dxc6 Nf6 22.
Qc4+ Kg7 23.Be3 Ng4 24.Bd2 Qb6 25.Re2 e4 26.Qe6 Re8 27.Bxe4 fxe4 28.Qxg4 
Qxc6 29.Qxe4 Qxe4 30.Rxe4 d5 31.Re5 Kf7 32.Rxd5 Rc8 33.Rd7 Ke6 34.Rb7 Rxc2
35.Bxb4 Bf6 36.Bc3 Be7 37.Bd4 h5 38.Kg2 h4 39.Be3 hxg3 40.hxg3 Bf6 41.b4 
Rc4 42.Rb6+ Kf7 43.Kf3 Be7 44.b5 Rb4 45.Rb7 Rb3 46.Ke4 Ke6 47.Rb6+ Kd7 48.
Kd5 Kc7 49.Rxg6 Rxb5+ 50.Ke6 Ba3 51.Bf4+ Kc6 52.Rg8 Rh5 53.Rc8+ Kb5 54.g4 
Rh1 55.g5 Bc5 56.Rxc5+ Kxc5 57.g6 Rg1 58.Kf7 Ra1 59.Be3+ Kd5 60.g7 1-0

[Event "40th IND-ch (w)"]
[Site "Kolkata IND"]
[Date "2013.08.31"]
[Round "6"]
[White "Mohota, Nisha"]
[Black "Pratyusha, Bodda"]
[Result "1-0"]
[WhiteElo "2293"]
[BlackElo "2159"]
[EventDate "2013.08.26"]
[Board "2"]
[PlyCount "73"]
[EventRounds "11"]
[EventCountry "IND"]

1.d4 e6 2.g3 f5 3.Bg2 Nf6 4.Nf3 Be7 5.c4 O-O 6.d5 exd5 7.cxd5 Bc5 8.O-O d6
9.Nc3 a6 10.Nd4 Qe8 11.e3 Kh8 12.b3 Ba7 13.Nce2 c5 14.dxc6 bxc6 15.Ba3 Ne4
16.Rc1 Bb7 17.Nf4 Rf6 18.Bb2 a5 19.Nh5 Bxd4 20.Bxd4 Rf7 21.g4 c5 22.Bb2 
Qd7 23.f3 Ng5 24.h4 Ne6 25.gxf5 Rxf5 26.Ng3 Rf7 27.h5 d5 28.f4 d4 29.f5 
Bxg2 30.fxe6 Rxf1+ 31.Qxf1 Bxf1 32.exd7 Nxd7 33.Rxf1 Kg8 34.exd4 cxd4 35.
Bxd4 a4 36.Nf5 axb3 37.axb3 1-0

[Event "40th IND-ch (w)"]
[Site "Kolkata IND"]
[Date "2013.08.31"]
[Round "6"]
[White "Gomes, Mary Ann"]
[Black "Mohanty, Kiran Monisha"]
[Result "1/2-1/2"]
[WhiteElo "2418"]
[BlackElo "2272"]
[EventDate "2013.08.26"]
[Board "3"]
[PlyCount "95"]
[EventRounds "11"]
[EventCountry "IND"]

1.Nf3 Nf6 2.g3 g6 3.b3 Bg7 4.Bb2 c5 5.c4 d6 6.Bg2 e5 7.O-O O-O 8.Nc3 h6 9.
Ne1 Nc6 10.Nc2 Be6 11.Ne3 Qd7 12.Ncd5 Bxd5 13.Nxd5 Nxd5 14.cxd5 Ne7 15.f4 
f5 16.d3 exf4 17.Bxg7 Kxg7 18.gxf4 Ng8 19.e4 Qe7 20.Qe2 fxe4 21.dxe4 g5 
22.Qb2+ Kh7 23.e5 gxf4 24.Be4+ Kh8 25.exd6+ Qf6 26.Qxf6+ Rxf6 27.Rac1 Re8 
28.d7 Rd8 29.Rxc5 Rxd7 30.Kf2 Ne7 31.Rg1 Rf8 32.Rd1 Rf6 33.Kf3 Kg7 34.Rg1+
Kf7 35.Rg4 b6 36.Rc2 Nxd5 37.Bxd5+ Rxd5 38.Rxf4 Rd3+ 39.Ke4 Rxf4+ 40.Kxf4 
Kg6 41.Rc7 Rd2 42.Rxa7 Rxh2 43.Ra6 Rf2+ 44.Kg3 Rf6 45.a4 Kf5 46.a5 bxa5 
47.Rxa5+ Ke4 48.Rb5 1/2-1/2

[Event "40th IND-ch (w)"]
[Site "Kolkata IND"]
[Date "2013.08.31"]
[Round "6"]
[White "Furtado, Ivana Maria"]
[Black "Kulkarni, Bhakti"]
[Result "1-0"]
[WhiteElo "2116"]
[BlackElo "2302"]
[EventDate "2013.08.26"]
[Board "4"]
[PlyCount "109"]
[EventRounds "11"]
[EventCountry "IND"]

1.d4 Nf6 2.c4 c5 3.d5 b5 4.cxb5 a6 5.bxa6 g6 6.Nc3 Bxa6 7.e4 Bxf1 8.Kxf1 
d6 9.Nf3 Bg7 10.g3 O-O 11.Kg2 Nbd7 12.Qe2 Qc7 13.Bf4 Qb7 14.a4 Qb4 15.Bd2 
Ng4 16.Rhc1 Nge5 17.Nxe5 Nxe5 18.Be1 Qb3 19.Rc2 Rfb8 20.f4 Nc4 21.Nd1 Na5 
22.Bxa5 Rxa5 23.Ra3 Qb7 24.Nc3 Qb4 25.e5 dxe5 26.fxe5 Qd4 27.e6 f5 28.Rd2 
Qe5 29.Qxe5 Bxe5 30.Nb5 Rb6 31.Re3 Bd6 32.b3 Kf8 33.Rc2 Ra8 34.Rc4 h5 35.
h3 Kg7 36.g4 f4 37.Re1 hxg4 38.hxg4 g5 39.Rh1 Rf8 40.Kf3 Rd8 41.Rc2 Rdb8 
42.Ke4 Rxb5 43.axb5 f3 44.Rh5 Kg6 45.Rh3 Rxb5 46.Rxf3 Ra5 47.Rf8 Ra1 48.
Rg8+ Kh6 49.Rc3 Re1+ 50.Re3 Rxe3+ 51.Kxe3 Bf4+ 52.Ke4 Kh7 53.Rc8 Bd6 54.
Kf5 Kh6 55.Rc6 1-0

[Event "40th IND-ch (w)"]
[Site "Kolkata IND"]
[Date "2013.08.31"]
[Round "6"]
[White "Michelle, Catherina"]
[Black "Monnisha, Gajendra Babu Kannaiyan"]
[Result "1/2-1/2"]
[WhiteElo "2152"]
[BlackElo "2056"]
[EventDate "2013.08.26"]
[Board "5"]
[PlyCount "111"]
[EventRounds "11"]
[EventCountry "IND"]

1.e4 e5 2.Nf3 Nc6 3.d4 exd4 4.Nxd4 Bc5 5.Nb3 Bb6 6.Nc3 Nf6 7.Qe2 O-O 8.Bg5
h6 9.Bh4 a5 10.O-O-O a4 11.Nd2 Bd4 12.Nb5 a3 13.Nxd4 Nxd4 14.Qe3 axb2+ 15.
Kb1 c5 16.Nb3 Nxb3 17.Qxb3 g5 18.Bg3 Nxe4 19.Bd3 Nxg3 20.hxg3 Qf6 21.Qxb2 
Qxb2+ 22.Kxb2 Kg7 23.Bb5 d5 24.Rxd5 Be6 25.Rxc5 Rxa2+ 26.Kc3 Rd8 27.Bc4 
Bxc4 28.Rxc4 Ra3+ 29.Kb2 Ra6 30.Kc3 Re6 31.Rf1 Re2 32.Rb4 Rc8+ 33.Rc4 
Rxc4+ 34.Kxc4 Rxc2+ 35.Kd3 Ra2 36.Ke3 Rb2 37.Rc1 h5 38.Rc5 Kg6 39.Kf3 b5 
40.Rc6+ f6 41.Rc5 b4 42.Rb5 b3 43.Rb4 Rb1 44.g4 h4 45.Rb7 b2 46.Ke2 Kh6 
47.Kf3 Kg6 48.Ke2 Rg1 49.Rxb2 Rxg2 50.Kf3 Rg1 51.Rb8 Kf7 52.Ra8 Rd1 53.Ra4
Ke6 54.Kg2 Ke5 55.Kh3 Rd3+ 56.Kg2 Rd4 57.Ra5+ Rd5 58.Ra4 Rd4 59.Ra5+ Kf4 
60.Rf5+ Kxg4 61.Rxf6 h3+ 62.Kg1 Rf4 63.Rh6 Rf3 64.Rh8 Rc3 65.Kh2 Kf4 66.
Rf8+ Ke4 67.Rg8 Kf5 68.Rf8+ Kg4 69.Rf7 Rc2 70.Rf8 Ra2 71.Rf7 Ra3 72.Rf8 
Rf3 73.Rxf3 Kxf3 74.Kxh3 g4+ 75.Kh4 Kf4 76.Kh5 Kf3 77.Kg5 Kxf2 78.Kxg4 
1/2-1/2

[Event "40th IND-ch (w)"]
[Site "Kolkata IND"]
[Date "2013.08.31"]
[Round "6"]
[White "Soumya, Swaminathan"]
[Black "Tania, Sachdev"]
[Result "0-1"]
[WhiteElo "2318"]
[BlackElo "2430"]
[EventDate "2013.08.26"]
[Board "6"]
[PlyCount "116"]
[EventRounds "11"]
[EventCountry "IND"]

1.e4 e5 2.Nf3 Nc6 3.d4 exd4 4.Nxd4 Nf6 5.Nxc6 bxc6 6.e5 Qe7 7.Qe2 Nd5 8.c4
Nb6 9.Nc3 Ba6 10.b3 O-O-O 11.Qe4 Bb7 12.Bb2 f6 13.exf6 Qxf6 14.O-O-O Qxf2 
15.Bd3 Bc5 16.Rde1 Qf7 17.Rhf1 Qh5 18.Rf5 Qh6+ 19.Kc2 d5 20.Qg4 Kb8 21.
cxd5 Qd6 22.Rh5 Nxd5 23.Nxd5 cxd5 24.Kb1 g6 25.Rhe5 Rhf8 26.Rc1 Rf2 27.Re6
Qf8 28.Qh4 Rxb2+ 29.Kxb2 Ba3+ 30.Kb1 Bxc1 31.Kxc1 Qc5+ 32.Kb2 Rf8 33.Re2 
a5 34.Rc2 Qe3 35.Bb5 Qe5+ 36.Ka3 d4 37.Bd3 Qd6+ 38.Kb2 a4 39.bxa4 Qb4+ 40.
Kc1 Re8 41.Kd1 Qb1+ 42.Kd2 Qb4+ 43.Kd1 Qb1+ 44.Kd2 Bxg2 45.Rc4 Qxa2+ 46.
Kc1 Qa3+ 47.Kd2 Qb2+ 48.Bc2 Bf1 49.Qxd4 Re2+ 50.Kd1 Qxd4+ 51.Rxd4 Rxh2 52.
Be4 Kc8 53.Bc6 Bg2 54.Bb5 c6 55.Be2 g5 56.a5 Rh4 57.Rd6 c5 58.Kc2 g4 59.
Kc3 Be4 60.Kc4 g3 61.Kb5 g2 62.Kb6 c4 63.Rd1 Rh6+ 64.Kc5 Rh1 65.Bg4+ Kb8 
0-1

[Event "40th IND-ch (w)"]
[Site "Kolkata IND"]
[Date "2013.09.01"]
[Round "7"]
[White "Tania, Sachdev"]
[Black "Swathi, Ghate"]
[Result "1/2-1/2"]
[WhiteElo "2430"]
[BlackElo "2226"]
[EventDate "2013.08.26"]
[Board "1"]
[PlyCount "68"]
[EventRounds "11"]
[EventCountry "IND"]

1.d4 Nf6 2.c4 e6 3.Nf3 b6 4.g3 Bb4+ 5.Bd2 Bxd2+ 6.Qxd2 Ba6 7.Qc2 c5 8.Bg2 
Bb7 9.O-O cxd4 10.Nxd4 Bxg2 11.Kxg2 Qc8 12.Nd2 O-O 13.Rac1 Qb7+ 14.e4 Nc6 
15.Nxc6 Qxc6 16.Qd3 Rac8 17.f3 Rfd8 18.Rfd1 h5 19.Nf1 Qc5 20.Qd4 b5 21.Ne3
bxc4 22.Rxc4 Qb5 23.Rd2 Rxc4 24.Nxc4 d5 25.Ne3 Qa5 26.b4 Qa6 27.Qb2 d4 28.
e5 Nd5 29.Nxd5 Rxd5 30.Rxd4 Rxd4 31.Qxd4 Qxa2+ 32.Qf2 Qd5 33.Qxa7 Qd2+ 34.
Qf2 Qxb4 1/2-1/2

[Event "40th IND-ch (w)"]
[Site "Kolkata IND"]
[Date "2013.09.01"]
[Round "7"]
[White "Monnisha, Gajendra Babu Kannaiyan"]
[Black "Soumya, Swaminathan"]
[Result "0-1"]
[WhiteElo "2056"]
[BlackElo "2318"]
[EventDate "2013.08.26"]
[Board "2"]
[PlyCount "98"]
[EventRounds "11"]
[EventCountry "IND"]

1.e4 c5 2.Nf3 d6 3.d4 cxd4 4.Nxd4 Nf6 5.Nc3 a6 6.g3 e5 7.Nde2 Nbd7 8.Bg2 
b5 9.h3 Bb7 10.g4 b4 11.Nd5 Nxd5 12.exd5 h5 13.g5 h4 14.Be3 Qa5 15.O-O Nb6
16.a3 Nc4 17.Bd2 Nxb2 18.Qe1 Nc4 19.axb4 Qb6 20.Kh1 Be7 21.Rd1 Nxd2 22.
Qxd2 O-O 23.f4 exf4 24.Qxf4 Qd8 25.g6 fxg6 26.Qe4 Rf6 27.Nf4 g5 28.Ne6 Qd7
29.Kh2 Rh6 30.c4 Bf6 31.c5 Be5+ 32.Kh1 Qe7 33.Nd4 Rf6 34.Rxf6 gxf6 35.Nf5 
Qh7 36.cxd6 Kf8 37.Rc1 Rc8 38.Rxc8+ Bxc8 39.Ne7 Qxe4 40.Bxe4 Bxh3 41.Ng6+ 
Ke8 42.Nxe5 fxe5 43.Bd3 Kd7 44.Bxa6 Kxd6 45.Bc4 Bf5 46.Kh2 Be4 47.Kh3 Bxd5
48.Be2 Be6+ 49.Kg2 Kd5 50.Kf2 Kd4 51.Bf1 g4 52.b5 Bd5 53.b6 g3+ 54.Kg1 Kc5
55.b7 Bxb7 56.Bh3 Kd4 57.Bg4 Ke3 58.Bd7 Kd2 59.Be6 e4 60.Bd7 e3 61.Bg4 Ba6
62.Kg2 e2 63.Bxe2 Kxe2 64.Kh3 Kf3 65.Kxh4 g2 66.Kg5 g1=Q+ 67.Kf6 Qc5 68.
Kg7 Qe7+ 69.Kg6 Bd3+ 70.Kh6 Qf6+ 71.Kh5 Qg6+ 72.Kh4 Qg4# 0-1

[Event "40th IND-ch (w)"]
[Site "Kolkata IND"]
[Date "2013.09.01"]
[Round "7"]
[White "Kulkarni, Bhakti"]
[Black "Michelle, Catherina"]
[Result "1/2-1/2"]
[WhiteElo "2302"]
[BlackElo "2152"]
[EventDate "2013.08.26"]
[Board "3"]
[PlyCount "83"]
[EventRounds "11"]
[EventCountry "IND"]

1.Nf3 Nf6 2.g3 d5 3.Bg2 Bf5 4.O-O e6 5.c4 Nbd7 6.b3 Be7 7.Bb2 h6 8.Nc3 c6 
9.d3 O-O 10.Re1 Bh7 11.Qd2 Re8 12.Rad1 e5 13.cxd5 cxd5 14.d4 e4 15.Ne5 Bd6
16.Nb5 Bb8 17.f4 Qb6 18.Nc3 Bf5 19.Na4 Qd8 20.Qb4 Nb6 21.Nc5 Qe7 22.a4 Bd6
23.a5 Nbd7 24.Nexd7 Bxd7 25.Qd2 Bc6 26.Rc1 Rec8 27.Bh3 Re8 28.Qc2 e3 29.
Rf1 Bb5 30.Rf3 b6 31.Nd3 Bd7 32.Bxd7 Nxd7 33.Qc6 bxa5 34.Qxd5 Bb4 35.Rc7 
Nf6 36.Qc4 Qe6 37.Rc6 Qh3 38.Rc7 Qe6 39.Ne5 Bd6 40.Rc6 Qxc4 41.Nxc4 Bb4 
42.Rxe3 Rxe3 43.Nxe3 Re8 44.Bc1 Ne4 45.d5 Nc3 46.Kf2 Rd8 47.Rc7 Nxd5 48.
Rxa7 Nxe3 49.Bxe3 Rd1 50.Bb6 Rb1 51.Kg2 Rxb3 52.Bxa5 Bxa5 53.Rxa5 g6 54.
Ra6 h5 55.Rd6 Kg7 56.Rd3 Rb4 57.Kf3 Ra4 58.Rb3 Rc4 59.Rb5 Ra4 60.h3 Rc4 
61.Ra5 Rb4 62.Ra3 Rc4 63.Ke3 Rb4 64.Ra5 Rb3+ 65.Kf2 Rc3 66.e3 Rc1 67.Kg2 
Re1 68.Re5 Re2+ 69.Kf3 Rh2 70.Re4 f5 71.Re7+ Kf6 72.Rh7 Rh1 73.Kg2 Re1 74.
Kf2 Rh1 75.h4 Rh2+ 76.Kf3 Ra2 77.Rb7 Ra3 78.Rb6+ Kf7 79.Rb2 Kf6 80.Re2 Rb3
81.Kf2 Rb4 82.Rd2 Ra4 83.Rd4 Ra2+ 84.Kf1 Ra3 85.Ke2 Ra2+ 86.Rd2 Ra4 87.Rb2
Ra3 88.Kd2 Ra1 89.Rb6+ Kf7 1/2-1/2

[Event "40th IND-ch (w)"]
[Site "Kolkata IND"]
[Date "2013.09.01"]
[Round "7"]
[White "Mohanty, Kiran Monisha"]
[Black "Furtado, Ivana Maria"]
[Result "1/2-1/2"]
[WhiteElo "2272"]
[BlackElo "2116"]
[EventDate "2013.08.26"]
[Board "4"]
[PlyCount "50"]
[EventRounds "11"]
[EventCountry "IND"]

1.e4 c6 2.d4 d5 3.e5 Bf5 4.Nf3 e6 5.Be2 Nd7 6.O-O Ne7 7.a4 Nc8 8.a5 Be7 9.
Nbd2 O-O 10.Ne1 c5 11.c3 f6 12.f4 fxe5 13.fxe5 cxd4 14.cxd4 b6 15.a6 b5 
16.Ndf3 Qb6 17.Kh1 Nb8 18.Qb3 Nxa6 19.Qxb5 Nb4 20.Qa4 a5 21.Bd2 Qb7 22.
Bxb4 Nb6 23.Qb5 axb4 24.Rxa8 Rxa8 25.Nd3 Rb8 1/2-1/2

[Event "40th IND-ch (w)"]
[Site "Kolkata IND"]
[Date "2013.09.01"]
[Round "7"]
[White "Pratyusha, Bodda"]
[Black "Gomes, Mary Ann"]
[Result "1/2-1/2"]
[WhiteElo "2159"]
[BlackElo "2418"]
[EventDate "2013.08.26"]
[Board "5"]
[PlyCount "77"]
[EventRounds "11"]
[EventCountry "IND"]

1.e4 c5 2.Nf3 d6 3.d4 cxd4 4.Nxd4 Nf6 5.Nc3 a6 6.Be3 e5 7.Nb3 Be6 8.Qd2 
Nbd7 9.O-O-O Rc8 10.f4 Be7 11.Kb1 b5 12.f5 Bc4 13.g4 h6 14.Rg1 Bxf1 15.
Rdxf1 Rc4 16.g5 hxg5 17.Bxg5 b4 18.Nd5 Nxd5 19.Qxd5 Nb6 20.Bxe7 Qxe7 21.
Qd2 Rxe4 22.Qg2 d5 23.Nd2 Re3 24.Qxg7 Reh3 25.f6 Qc7 26.Qg4 Nc4 27.Nxc4 
Qxc4 28.Qxc4 dxc4 29.Re1 R3h5 30.Rg4 R8h6 31.Rxc4 Rxf6 32.Rxb4 Re6 33.Rbe4
Kd7 34.c4 Kd6 35.Rd1+ Ke7 36.Rde1 Kd6 37.Rd1+ Ke7 38.Rde1 Kd6 39.Rd1+ 
1/2-1/2

[Event "40th IND-ch (w)"]
[Site "Kolkata IND"]
[Date "2013.09.01"]
[Round "7"]
[White "Padmini, Rout"]
[Black "Mohota, Nisha"]
[Result "1-0"]
[WhiteElo "2332"]
[BlackElo "2293"]
[EventDate "2013.08.26"]
[Board "6"]
[PlyCount "65"]
[EventRounds "11"]
[EventCountry "IND"]

1.e4 c6 2.d4 d5 3.e5 Bf5 4.Nd2 e6 5.Nb3 Nd7 6.Be3 Ne7 7.f4 h5 8.Nf3 Bg4 9.
Be2 Nf5 10.Bf2 h4 11.O-O Be7 12.Rc1 g5 13.Nxg5 Bxe2 14.Qxe2 Bxg5 15.fxg5 
Qxg5 16.c4 O-O-O 17.cxd5 exd5 18.Rc3 Rdg8 19.Be1 Qg6 20.Rcf3 Rh5 21.Qc2 
Rg5 22.R1f2 Nh6 23.Qxg6 R5xg6 24.h3 b6 25.Rf4 c5 26.Rxh4 c4 27.Nc1 Nb8 28.
Ne2 Rc6 29.Nf4 Rg7 30.Nh5 Rgg6 31.Nf6 Ng8 32.Rh8 Kc7 33.Nxg8 1-0

[Event "40th IND-ch (w)"]
[Site "Kolkata IND"]
[Date "2013.09.02"]
[Round "8"]
[White "Swathi, Ghate"]
[Black "Mohota, Nisha"]
[Result "1/2-1/2"]
[WhiteElo "2226"]
[BlackElo "2293"]
[EventDate "2013.08.26"]
[Board "1"]
[PlyCount "85"]
[EventRounds "11"]
[EventCountry "IND"]

1.e4 e5 2.Nf3 Nc6 3.Bc4 Nf6 4.d3 Be7 5.O-O O-O 6.Re1 d6 7.a4 Na5 8.Ba2 c5 
9.c3 Nc6 10.Nbd2 Be6 11.Nc4 h6 12.Bd2 a6 13.b4 b5 14.Ne3 Bxa2 15.Rxa2 cxb4
16.axb5 axb5 17.Rxa8 Qxa8 18.cxb4 d5 19.exd5 Nxb4 20.Nf5 Nbxd5 21.Rxe5 Re8
22.Nxe7+ Rxe7 23.Rxe7 Nxe7 24.Qb3 Qd5 25.Qxd5 Nfxd5 26.Nd4 b4 27.Kf1 Ng6 
28.g3 Ne5 29.Ke2 Kf8 30.f4 Nd7 31.Nb3 f5 32.d4 Kf7 33.Kd3 N7b6 34.Na5 Kg6 
35.Nc4 Nc8 36.Ne5+ Kf6 37.Kc4 Ncb6+ 38.Kb3 g5 39.Nd3 g4 40.Bxb4 Ne3 41.Bd2
Nf1 42.Ba5 Nc8 43.Kc4 Nxh2 44.Kd5 Nf1 45.Bd8+ Kf7 46.Ne5+ Ke8 47.Bh4 Nd2 
48.Ke6 h5 49.d5 Ne4 50.Kxf5 Ncd6+ 51.Ke6 Nb5 52.Nc4 Nc5+ 53.Ke5 Nd3+ 54.
Kf5 Nb4 55.d6 Kd7 56.Ke5 Nc6+ 57.Kf5 Nxd6+ 58.Nxd6 Kxd6 59.Kg6 Ke6 60.f5+ 
Ke5 61.f6 Ke6 62.Kxh5 Ne5 63.Kg5 Kf7 64.Kf5 Nd7 65.Kxg4 Kg6 66.Kf3 Ne5+ 
67.Ke3 Kf5 68.Kd4 Nf3+ 69.Kd5 Nxh4 70.gxh4 1/2-1/2

[Event "40th IND-ch (w)"]
[Site "Kolkata IND"]
[Date "2013.09.02"]
[Round "8"]
[White "Gomes, Mary Ann"]
[Black "Padmini, Rout"]
[Result "1/2-1/2"]
[WhiteElo "2418"]
[BlackElo "2332"]
[EventDate "2013.08.26"]
[Board "2"]
[PlyCount "77"]
[EventRounds "11"]
[EventCountry "IND"]

1.Nf3 Nf6 2.g3 g6 3.b3 Bg7 4.Bb2 d5 5.c4 c6 6.Bg2 O-O 7.O-O Bg4 8.d3 Nbd7 
9.Nbd2 Re8 10.Ne5 Nxe5 11.Bxe5 Qd7 12.Nf3 Bh3 13.Qc1 Rac8 14.Qb2 Bxg2 15.
Kxg2 Nh5 16.Bxg7 Nxg7 17.e4 dxe4 18.dxe4 Rcd8 19.Qc1 Ne6 20.Rd1 Qxd1 21.
Qxd1 Rxd1 22.Rxd1 Rd8 23.Rxd8+ Nxd8 24.c5 Ne6 25.b4 a5 26.a3 Nc7 27.Ne5 f6
28.Nc4 axb4 29.axb4 Na6 30.Na5 Nxb4 31.Nxb7 Kf7 32.Nd8+ Ke8 33.Ne6 Kd7 34.
Nf8+ Ke8 35.Ne6 Kd7 36.Nf8+ Ke8 37.Ne6 Kd7 38.Nf8+ Ke8 39.Ne6 1/2-1/2

[Event "40th IND-ch (w)"]
[Site "Kolkata IND"]
[Date "2013.09.02"]
[Round "8"]
[White "Furtado, Ivana Maria"]
[Black "Pratyusha, Bodda"]
[Result "1/2-1/2"]
[WhiteElo "2116"]
[BlackElo "2159"]
[EventDate "2013.08.26"]
[Board "3"]
[PlyCount "51"]
[EventRounds "11"]
[EventCountry "IND"]

1.d4 d5 2.Nf3 e6 3.c4 c6 4.Nc3 dxc4 5.e3 b5 6.a4 Bb4 7.Bd2 a5 8.axb5 Bxc3 
9.Bxc3 cxb5 10.b3 Bb7 11.bxc4 b4 12.Bb2 Nf6 13.Bd3 O-O 14.O-O Nbd7 15.Re1 
Ne4 16.Nd2 Nxd2 17.Qxd2 e5 18.Qc2 Qh4 19.dxe5 Nc5 20.Bd4 b3 21.Qe2 Nxd3 
22.Qxd3 a4 23.f4 Ra6 24.g3 Qg4 25.e4 Qd7 26.Qe3 1/2-1/2

[Event "40th IND-ch (w)"]
[Site "Kolkata IND"]
[Date "2013.09.02"]
[Round "8"]
[White "Michelle, Catherina"]
[Black "Mohanty, Kiran Monisha"]
[Result "1/2-1/2"]
[WhiteElo "2152"]
[BlackElo "2272"]
[EventDate "2013.08.26"]
[Board "4"]
[PlyCount "64"]
[EventRounds "11"]
[EventCountry "IND"]

1.e4 c5 2.Nf3 Nc6 3.d4 cxd4 4.Nxd4 Nf6 5.Nc3 d6 6.Bg5 e6 7.Qd2 Be7 8.O-O-O
Nxd4 9.Qxd4 O-O 10.f3 a6 11.h4 b5 12.Kb1 Bb7 13.g4 Rc8 14.Bd3 Qc7 15.Qe3 
b4 16.Na4 Bc6 17.Nb6 Rb8 18.Nc4 Rfc8 19.h5 Bb5 20.Nd2 d5 21.e5 d4 22.Qe1 
Bxd3 23.cxd3 Nd5 24.Bxe7 Nc3+ 25.Ka1 Nxd1 26.Qxd1 Qxe7 27.f4 b3 28.Nxb3 
Qb7 29.Rh2 Qb4 30.Kb1 a5 31.Qd2 Qb5 32.Nxa5 Qd5 1/2-1/2

[Event "40th IND-ch (w)"]
[Site "Kolkata IND"]
[Date "2013.09.02"]
[Round "8"]
[White "Tania, Sachdev"]
[Black "Monnisha, Gajendra Babu Kannaiyan"]
[Result "1-0"]
[WhiteElo "2430"]
[BlackElo "2056"]
[EventDate "2013.08.26"]
[Board "6"]
[PlyCount "84"]
[EventRounds "11"]
[EventCountry "IND"]

1.d4 Nf6 2.c4 e6 3.Nf3 d5 4.Nc3 dxc4 5.Qa4+ c6 6.Qxc4 b5 7.Qd3 a6 8.Bg5 c5
9.O-O-O c4 10.Qc2 h6 11.Bxf6 gxf6 12.Qe4 Ra7 13.d5 e5 14.Nxe5 Re7 15.Nc6 
Nxc6 16.dxc6 Rxe4 17.Rxd8+ Kxd8 18.Nxe4 f5 19.Nf6 Be6 20.g3 Be7 21.Nh5 Bd5
22.Rg1 Bxc6 23.Bh3 Bc5 24.Rd1+ Kc7 25.Bxf5 Bxf2 26.e4 b4 27.Nf6 Rd8 28.
Nd5+ Kb7 29.Rf1 Bxd5 30.Rxf2 Bc6 31.Bh7 Rd7 32.Bg8 Bxe4 33.Rxf7 Rxf7 34.
Bxf7 Bd3 35.Kd2 Bf1 36.Ke3 Kc6 37.Kd4 Kb5 38.g4 Be2 39.Be6 a5 40.h4 a4 41.
g5 hxg5 42.hxg5 a3 43.bxa3 c3 44.Bb3 Bh5 45.a4+ Ka5 46.Kd3 Bg6+ 47.Ke2 Kb6
48.Kd1 Kc5 49.Kc1 Kd4 50.Bc2 Bf7 51.Kb1 Ke3 52.g6 Bg8 53.g7 Kd4 54.Bb3 
Bh7+ 55.Kc1 Kc5 56.g8=Q Bxg8 57.Bxg8 Kb6 58.Kc2 Ka5 59.Bb3 Kb6 60.Kd3 Kc5 
61.Ke4 Kb6 62.Kd4 Ka5 63.Kc4 Kb6 64.Kxb4 Ka6 65.Kxc3 Ka5 66.Kc4 Kb6 67.Kb4
Ka6 68.a5 Kb7 69.Kb5 Ka7 70.Bd5 Kb8 71.Kb6 Kc8 72.a6 Kd7 73.a7 Kd6 74.a8=Q
Ke5 75.Kc5 Kf4 76.Kd4 Kg3 77.Qf8 Kh2 78.Qf2+ Kh3 79.Be6# 1-0